Normal view
MARC view
Entry Nombre corporativo
001 - NÚMERO DE CONTROL
- campo de control: 50095
003 - IDENTIFICADOR DEL NÚMERO DE CONTROL
- campo de control: BNPHU
005 - FECHA Y HORA DE LA ÚLTIMA TRANSACCIÓN
- campo de control: 20240627090350.0
008 - DATOS DE LONGITUD FIJA
- campo de control de longitud fija: 200615|| aca||aabn | a|a d
040 ## - FUENTE DE LA CATALOGACIÓN
- Centro catalogador/agencia de origen: DO-SdBNP
- Lengua de catalogación: spa
- Centro/agencia transcriptor: BNPHU
- Normas de descripción: rda
110 ## - ENCABEZAMIENTO-NOMBRE DE ENTIDAD CORPORATIVA
- Nombre de entidad corporativa o nombre de jurisdicción como elemento de entrada: FAO
410 2# - TRAZADO DE VÉASE--NOMBRE DE ENTIDAD CORPORATIVA
- Nombre de entidad corporativa o nombre de jurisdicción como elemento de entrada: Organización de las Naciones Unidas para la Agricultura y la Alimentación
410 2# - TRAZADO DE VÉASE--NOMBRE DE ENTIDAD CORPORATIVA
- Nombre de entidad corporativa o nombre de jurisdicción como elemento de entrada: Food and Agriculture Organization of the United Nations
410 2# - TRAZADO DE VÉASE--NOMBRE DE ENTIDAD CORPORATIVA
- Nombre de entidad corporativa o nombre de jurisdicción como elemento de entrada: Organisation des Nations Unies pour l'alimentation et l'agriculture
670 ## - FUENTE DE DATOS ENCONTRADOS
- Cita de la fuente: Work cat.: (OSt)23928: Organización de las Naciones Unidas para la Agricultura y la Alimentación (FAO), Raíces, tubérculos, platanos y bananas en la nutrición humana /, 1991.
670 ## - FUENTE DE DATOS ENCONTRADOS
- Cita de la fuente: Sitio web oficial de la FAO, 14 abril 2009:
- Información encontrada: (FAO; Organización de las Naciones Unidas para la Agricultura y la Alimentación; Food and Agriculture Organization of the United Nations; Organisation des Nations Unies pour l'alimentation et l'agriculture) |u http://www.fao.org/index_en.htm
- Identificador Uniforme del Recurso: http://www.fao.org/index_en.htm
678 ## - DATOS BIOGRÁFICOS O HISTÓRICOS
- Datos biográficos o históricos: La FAO fue fundada el 16 de octubre de 1945
